A la mémoire de Claude Debussy pour piano /

Hlavní autor: Schmitt, Florent, 1870-1958
Další autoři: Debussy, Claude, 1862-1918
Jazyk: Nelze použít, není lingvistický obsah
Vydáno: Paris : Durand, 1921
Fyzický popis: 8 s.
Hudebniny Hudebniny
Uloženo v:
LEADER 00778ncm a22002172a 4500
001 001226206
003 CZ BrMZK
005 20120625140219.0
007 qu
008 120625s1921 fr |||||||||||||||||zxx d
040 |a BOA001  |b cze 
072 7 |a 786  |x Hudba pro klávesové nástroje  |2 Konspekt  |9 9 
100 1 |a Schmitt, Florent,  |d 1870-1958  |7 jo2009532199  |4 cmp 
245 1 0 |a A la mémoire de Claude Debussy  |h [hudebnina] :  |b pour piano /  |c ecrit pour le toumbeau de Claude Debussy par Florent Schmitt 
260 |a Paris :  |b Durand,  |c 1921 
300 |a 8 s. 
700 1 |a Debussy, Claude,  |d 1862-1918  |7 jn19990001672  |4 ant 
910 |a BOA001  |b Mus4-0595.945 
990 |a MU 
991 |b 201206 
996 6 |b 2619093366  |c Mus4-0595.945  |l MZK  |r Sklad / do 1 hodiny  |n 0  |w 001260085  |u 000010  |a 1  |e BOA001  |j MZK50  |s P